LEADER 01534nam 2200493 450 001 996495168703316 005 20231110233535.0 010 $a3-031-13213-0 035 $a(MiAaPQ)EBC7120668 035 $a(Au-PeEL)EBL7120668 035 $a(CKB)25188927200041 035 $a(PPN)265856434 035 $a(EXLCZ)9925188927200041 100 $a20230310d2022 uy 0 101 0 $aeng 135 $aurcnu|||||||| 181 $ctxt$2rdacontent 182 $cc$2rdamedia 183 $acr$2rdacarrier 200 10$aTime series models /$fManfred Deistler and Wolfgang Scherrer 210 1$aCham, Switzerland :$cSpringer,$d[2022] 210 4$d©2022 215 $a1 online resource (213 pages) 225 1 $aLecture Notes in Statistics ;$vv.224 300 $aIncludes index. 311 08$aPrint version: Deistler, Manfred Time Series Models Cham : Springer International Publishing AG,c2022 9783031132124 410 0$aLecture Notes in Statistics 606 $aTime-series analysis 606 $aStationary processes 606 $aAnàlisi de sèries temporals$2thub 608 $aLlibres electrònics$2thub 615 0$aTime-series analysis. 615 0$aStationary processes. 615 7$aAnàlisi de sèries temporals 676 $a519.55 700 $aDeistler$b M$g(Manfred),$021011 702 $aScherrer$b Wolfgang 801 0$bMiAaPQ 801 1$bMiAaPQ 801 2$bMiAaPQ 906 $aBOOK 912 $a996495168703316 996 $aTime Series Models$92960587 997 $aUNISA LEADER 02305nas 2200529 n 450 001 990008935020403321 005 20240229084446.0 011 $a0007-9731 035 $a000893502 035 $aFED01000893502 035 $a(Aleph)000893502FED01 035 $a000893502 091 $2CNR$aP 00051689 100 $a20161109a19589999km-y0itaa50------ba 101 0 $afre 102 $aFR 110 $aauu-------- 200 1 $aCahiers de civilisation médiévale 207 1$a1958- 210 $aPoitiers$cC.E.S.C.M 326 $aTrimestrale 421 0$12001$aCahiers de civilisation médiévale. Supplément 421 0$12001$aRépertoire international des médiévistes 421 0$12001$aCahiers de civilisation médiévale. Bibliographie 517 0 $aCahiers de civilisation medievale du dixième-douzième siècles 530 0 $aCahiers de civilisation médiévale 675 $a94 675 $a8 675 $a008 "04/14" 675 $a940 "04/14" 675 $a008"04/14" 675 $a940"04/14" 676 $a940.105 712 02$aUniversité de Poitiers$bCentre d'Etudes Supérieures de Civilisation Médiévale 801 0$aIT$bACNP$c20090723 859 4 $uhttp://acnp.cib.unibo.it/cgi-ser/start/it/cnr/dc-p1.tcl?catno=35164&person=false&language=ITALIANO&libr=&libr_th=unina1$zBiblioteche che possiedono il periodico 901 $aSE 912 $a990008935020403321 958 $aBRAU. Biblioteca di Ricerca di Area Umanistica$b1958-$eFRANCIA 52$fFLFBC 958 $aBiblioteca Centrale della Facoltà di Giurisprudenza dell'Università di Napoli Federico II$b1958-$ePer. fr. 79$fFGBC 959 $aFLFBC 959 $aFGBC 996 $aCahiers de civilisation médiévale$9649638 997 $aUNINA AP1 8 $6866-01$aNA072 BRAU. Biblioteca di Ricerca di Area Umanistica$bFRANCIA 52$ePiazza Bellini 56/60, 80133 Napoli (NA)$m(081) 2533948$nit AP1 8 $6866-02$aNA073 Biblioteca Centrale della Facoltà di Giurisprudenza dell'Università di Napoli Federico II$bPer. fr. 79$eCorso Umberto I, 80138 Napoli (NA)$m0812537531/33$m0812537532$nit AP2 40$aacnp.cib.unibo.it$nACNP Italian Union Catalogue of Serials$uhttp://acnp.cib.unibo.it/cgi-ser/start/it/cnr/df-p.tcl?catno=35164&language=ITALIANO&libr=&person=&B=1&libr_th=unina&proposto=NO